000
00287nam a22001217a 4500
008
170710b xxu||||| |||| 00| 0 eng d
041
_a
eng
080
_a
05
100
_a
23
101
_a
ENC
245
_a
ENCYCLOPEDIA OF THE GREAT COMPOSERS AND THEIR MUSIC
_c
CROSS,M
942
_2
udc
_c
BK
999
_c
20157
_d
20157